[Event "12th ch-EUR"]
[Site "Aix-les-Bains FRA"]
[Date "2011.03.25"]
[Round "4"]
[White "McShane,L"]
[Black "Nevednichy,V"]
[Result "1/2-1/2"]
[WhiteElo "2683"]
[BlackElo "2534"]

1.e4 d6 2.d4 Nf6 3.Nc3 e5 4.Nf3 Nbd7 5.Bc4 Be7 6.O-O O-O 7.Re1 a6 8.a4 b6
9.Nd5 Bb7 10.Nxe7+ Qxe7 11.Bd3 Rfe8 12.d5 c6 13.c4 a5 14.Nh4 g6 15.Bg5 Qf8
16.Qd2 Nh5 17.g3 Nc5 18.Bc2 cxd5 19.cxd5 Bc8 20.Ra3 f6 21.Be3 Bd7 22.b4 axb4
23.Qxb4 Reb8 24.Rea1 Ra5 25.Qe1 Ng7 26.Bd2 Raa8 27.Bb4 Na6 28.Ng2 f5 29.Ne3 Rc8
30.Bd3 fxe4 31.Bxe4 Nf5 32.Bxf5 gxf5 33.f4 exf4 34.gxf4 Kf7 35.Ng2 Re8 36.Qd2 Re4
37.Bc3 Qh6 38.Bb2 Rg8 39.Rf1 Nc5 40.Rff3 Rg4 41.h3 Rg8 42.Bd4 Ree8 43.Bxc5 dxc5
44.Kh2 Qd6 45.Qd1 Rg7 46.Rg3 Reg8 47.Rxg7+ Rxg7 48.Re3 Kg8 49.Qe2 h6 50.Re5 Qg6
51.Qf2 c4 52.Re3 Qd6 53.Qd2 Kh7 54.Rg3 Rxg3 55.Kxg3 Qa3+ 56.Ne3 Qd3 57.Qxd3 cxd3
58.Kf2 Bxa4 59.Ke1 Kg6 60.Kd2 Bb5 61.d6 Kf6 62.Nd5+ Ke6 63.Nc7+ Kxd6 64.Nxb5+ Kc5
65.Nc7 Kd4 66.h4  1/2-1/2

[Event "12th ch-EUR"]
[Site "Aix-les-Bains FRA"]
[Date "2011.03.25"]
[Round "4"]
[White "Smeets,J"]
[Black "Kabanov,N"]
[Result "1-0"]
[WhiteElo "2660"]
[BlackElo "2524"]

1.e4 d6 2.d4 Nf6 3.Nc3 e5 4.Nf3 Nbd7 5.Bc4 Be7 6.O-O O-O 7.a4 c6 8.Re1 b6
9.Ba2 a6 10.h3 Rb8 11.Bg5 b5 12.axb5 axb5 13.b4 Qc7 14.Qd3 h6 15.Be3 exd4
16.Nxd4 Ne5 17.Qe2 Re8 18.f4 Ng6 19.Qd3 Nd7 20.Nf5 Nb6 21.Nxe7+ Qxe7 22.Rad1 Rd8
23.e5 d5 24.f5 Nh4 25.f6 Qxe5 26.Bf2 Qg5 27.Qg3 Nxg2 28.Kxg2 Qxf6 29.Kh2 Bf5
30.Bd4 Qg6 31.Qxg6 Bxg6 32.Bb3 Nc4 33.Ne2 Kh7 34.Nf4 Be4 35.Nh5 Bf3 36.Nxg7 Bxd1
37.Rxd1 Nd6 38.Rf1 f5 39.c3 Ra8 40.Nxf5 Rf8 41.Ng3 Rxf1 42.Nxf1 Kg8 43.Ne3 Kf7
44.Bc2 Ke6 45.Kg3 Rg8+ 46.Kh4 Rf8 47.Kh5 Rf3 48.h4 Rh3 49.Ng4 Nf7 50.Bg6 Nd8
51.Nxh6 Rh1 52.Bf5+ Ke7 53.Kg6  1-0

[Event "12th ch-EUR"]
[Site "Aix-les-Bains FRA"]
[Date "2011.03.25"]
[Round "4.53"]
[White "Gallagher,Jo"]
[Black "Sjugirov,S"]
[Result "1-0"]
[WhiteElo "2500"]
[BlackElo "2643"]

1.e4 d6 2.d4 Nf6 3.Nc3 e5 4.dxe5 dxe5 5.Qxd8+ Kxd8 6.Bc4 Ke8 7.Nf3 Bd6 8.Bg5 Nbd7
9.O-O-O h6 10.Bh4 a6 11.a4 Kf8 12.h3 g6 13.Rhe1 Kg7 14.Nd2 Bb4 15.Re3 c6
16.Rf3 b5 17.Ba2 g5 18.Bg3 Re8 19.Rf5 Nf8 20.Rxe5 Rd8 21.Nf3 Rxd1+ 22.Nxd1 Ng6
23.Ne3 Nxe5 24.Bxe5 Bc5 25.Nd4 Kg6 26.c3 Bd7 27.Bb1 Re8 28.Bc7 Kg7 29.axb5 axb5
30.f3 Bxd4 31.cxd4 Nd5 32.Nxd5 cxd5 33.Kd2 Bc6 34.Ke3 Ra8 35.Bd6 Ra4 36.Bd3 b4
37.exd5 Bxd5 38.Be4 Bxe4 39.fxe4 b3 40.d5 f6 41.Bc5 Rc4 42.d6 Rc3+ 43.Kd2 Rc2+
44.Kd1 Rxb2 45.d7 Rb1+ 46.Ke2 b2 47.d8=Q Re1+ 48.Kf2 b1=Q 49.Qf8+ Kg6 50.Qe8+ Kg7
51.Bf8+ Kg8 52.Be7+ Kg7 53.Qf8+ Kg6 54.Qxf6+ Kh5 55.g4+  1-0

[Event "FIDE Zonal 3.5 w 2011"]
[Site "Tianjin CHN"]
[Date "2011.03.25"]
[Round "6"]
[White "Gu Xiaobing"]
[Black "Wang Xiaohui"]
[Result "1-0"]
[WhiteElo "2369"]
[BlackElo "2218"]

1.e4 d6 2.d4 Nf6 3.Nc3 e5 4.Nge2 Nbd7 5.f3 c6 6.Be3 Be7 7.Qd2 O-O 8.g4 b5
9.Ng3 b4 10.Nce2 d5 11.g5 Ne8 12.Nf5 c5 13.dxe5 Nxe5 14.Nxe7+ Qxe7 15.Qxd5 Bb7
16.Qxc5 Nxf3+ 17.Kd1 Rd8+ 18.Kc1 Qd7 19.b3 Bxe4 20.Qxb4 Qd1+ 21.Kb2 Qxc2+
22.Ka3 Nd6 23.Ng3 a5 24.Qc5 Qxc5+ 25.Bxc5 Nxg5 26.Rg1 Rfe8 27.Nh5 Re5 28.Bb6 Rc8
29.Bd4 Nb5+ 30.Bxb5 Rxb5 31.Nxg7 Nf3 32.Nf5+ Nxg1 33.Rxg1+ Kf8 34.Bg7+ Ke8
35.Nd6+ Kd7 36.Nxb5 f5 37.Bh6 Rc2 38.Rg7+  1-0

[Event "12th ch-EUR"]
[Site "Aix-les-Bains FRA"]
[Date "2011.03.26"]
[Round "5"]
[White "Svidler,P"]
[Black "Ivanisevic,I"]
[Result "1/2-1/2"]
[WhiteElo "2730"]
[BlackElo "2617"]

1.e4 d6 2.d4 Nf6 3.Nc3 e5 4.Nf3 Nbd7 5.Bc4 Be7 6.O-O c6 7.a4 Qa5 8.Re1 O-O
9.h3 b5 10.Ba2 b4 11.Nb1 Qc7 12.Nbd2 exd4 13.Nxd4 Nc5 14.Qf3 Be6 15.N2b3 d5
16.Bf4 Qd7 17.exd5 Bxd5 18.Nxc5  1/2-1/2

[Event "4NCL 2010-11"]
[Site "Daventry ENG"]
[Date "2011.03.26"]
[Round "7.16"]
[White "Roberson,P"]
[Black "Shaw,J"]
[Result "0-1"]
[WhiteElo "2291"]
[BlackElo "2439"]

1.e4 d6 2.d4 Nf6 3.Nc3 e5 4.Nge2 Nbd7 5.g3 b5 6.Bg2 c6 7.O-O Be7 8.d5 Bb7
9.a4 a6 10.Be3 O-O 11.dxc6 Bxc6 12.axb5 axb5 13.Qd3 Ng4 14.Nd5 Bxd5 15.exd5 Nxe3
16.Qxe3 b4 17.Rxa8 Qxa8 18.Nc1 Nc5 19.Nb3 Nxb3 20.Qxb3 Qa5 21.c3 bxc3 22.Qxc3 Qxc3
23.bxc3 Rc8 24.Rc1 Bd8 25.Bh3 Rb8 26.Rc2 Rb1+ 27.Bf1 f5 28.Kg2 Bb6 29.Ra2 Rc1
30.c4 e4 31.Be2 g5 32.Rb2 Bc5 33.Rb8+ Kg7 34.Rb7+ Kg6 35.Re7 Re1 36.Re6+ Kg7
37.Bd3 Bb4 38.Bf1 g4 39.Re7+ Kg6 40.Rb7 Bc5 41.Rb2 h5 42.Be2 Kg5 43.h3 gxh3+
44.Kxh3 Bxf2 45.Bxh5 Bxg3 46.Kxg3 Kxh5 47.Rb6 Re3+ 48.Kf2 Rc3 49.Rxd6 Rxc4
50.Rc6 Ra4 51.Re6 Kg5 52.d6 Rd4 53.Ke3 Rd3+ 54.Ke2 Kf4 55.Kf2 Rd2+ 56.Ke1 e3  0-1

[Event "12th ch-EUR"]
[Site "Aix-les-Bains FRA"]
[Date "2011.03.27"]
[Round "6.74"]
[White "Roser,K"]
[Black "Stefansson,H"]
[Result "1/2-1/2"]
[WhiteElo "2423"]
[BlackElo "2557"]

1.e4 d6 2.d4 Nf6 3.Nc3 e5 4.Nf3 Nbd7 5.Bc4 Be7 6.O-O O-O 7.Re1 c6 8.a4 a5
9.h3 Nb6 10.Ba2 Nfd7 11.Be3 exd4 12.Qxd4 Nc5 13.Rad1 Be6 14.Bxe6 fxe6 15.e5 d5
16.Qg4 Qe8 17.b3 Nbd7 18.Bh6 Qf7 19.Re2 Kh8 20.Bc1 Bd8 21.Nd4 Bb6 22.Kh1 Rfe8
23.f4 Nf8 24.Nf3 h6 25.Be3 Ng6 26.Rf1 Nd7 27.Bxb6 Nxb6 28.Nd4 Nd7 29.Ree1 Ngf8
30.f5 exf5 31.Rxf5 Qg6 32.Qf4 Nc5 33.Rf1 Nfe6 34.Nxe6 Nxe6 35.Qf2 Kg8 36.Ne2 Re7
37.Nd4 Rae8 38.Nxe6 Rxe6 39.Qf4 R6e7 40.Rf3 Qe6 41.h4 Qc8 42.h5 Qb8 43.Re3 c5
44.g4 d4 45.Re1 Qd8 46.Qe4 b6 47.Kg2 Re6 48.Ref1 Qc7 49.Re1 Qd8 50.Ref1 Qc7
51.Re1 Qd8  1/2-1/2

[Event "1st Gaudeamus Cup"]
[Site "Bucharest ROU"]
[Date "2011.03.27"]
[Round "5"]
[White "Raducanu,A"]
[Black "Miroi,R"]
[Result "1-0"]
[WhiteElo "2086"]
[BlackElo "1771"]

1.e4 d6 2.d4 Nf6 3.Nc3 e5 4.Nf3 Nbd7 5.Bc4 Be7 6.O-O O-O 7.a4 c6 8.h3 b6
9.Be3 a6 10.Nd2 Rb8 11.f4 b5 12.axb5 axb5 13.Bd3 exd4 14.Bxd4 c5 15.Bf2 b4
16.Ne2 Bb7 17.Ng3 Nb6 18.Kh1 Re8 19.Nf5 Bf8 20.Bh4 Rc8 21.b3 g6 22.Ne3 Be7
23.Ra7 Rc7 24.Bg3 Nh5 25.Bh2 Bh4 26.Ng4 d5 27.e5 d4 28.Ra1 Nd5 29.Ne4 Nc3
30.Nxc3 dxc3 31.Bb5 Rf8 32.f5 Qd2 33.Qxd2 cxd2 34.e6 Bg3 35.Nf6+ Nxf6 36.Bxg3 Re7
37.Bd6 Nd5 38.Bxe7 Nxe7 39.f6 Nf5 40.e7 Ng3+ 41.Kg1  1-0

[Event "1st Armen Norouz Cup"]
[Site "Esfahan IRI"]
[Date "2011.03.27"]
[Round "4"]
[White "Shahzamani,Ara"]
[Black "Arvan,Amirhosein"]
[Result "1-0"]
[WhiteElo "2033"]
[BlackElo "1799"]

1.e4 d6 2.d4 Nf6 3.Nc3 Nbd7 4.Nf3 e5 5.Bc4 h6 6.O-O Be7 7.h3 O-O 8.Be3 c6
9.a4 Kh8 10.Qd2 Nh7 11.Nh2 f5 12.exf5 d5 13.Be2 exd4 14.Qxd4 Ndf6 15.Qd3 c5
16.Bd2 c4 17.Qd4 Bxf5 18.Rac1 b6 19.Bf3 Bc5 20.Qe5 Ne4 21.Bxh6 Rf6 22.Nxd5 Bd6
23.Qd4 Bc5 24.Qxc4 Nd6 25.Qf4 Rxh6 26.b4 Rh4 27.g4 Rc8 28.bxc5 Rxc5 29.Ne3 Qf6
30.Rfd1 Nf7 31.Nxf5 g5 32.Qb8+  1-0

[Event "TCh-BEL 2010-11"]
[Site "Roux BEL"]
[Date "2011.03.27"]
[Round "11.1"]
[White "Wemmers,X"]
[Black "Eliet,N"]
[Result "1/2-1/2"]
[WhiteElo "2425"]
[BlackElo "2410"]

1.d4 d6 2.e4 Nf6 3.Nc3 e5 4.Nf3 Nbd7 5.Bc4 Be7 6.O-O O-O 7.Re1 c6 8.a4 b6
9.d5 c5 10.Nd2 Ne8 11.Nf1 g6 12.Ne3 Ng7 13.a5 f5 14.Bb5 a6 15.Bxd7 Bxd7 16.axb6 Qxb6
17.Nc4 Qb4 18.Na5 Bh4 19.exf5 gxf5 20.Ra3 Kh8  1/2-1/2

[Event "12th ch-EUR"]
[Site "Aix-les-Bains FRA"]
[Date "2011.03.28"]
[Round "7.55"]
[White "Fedorchuk,S"]
[Black "Kabanov,N"]
[Result "1/2-1/2"]
[WhiteElo "2662"]
[BlackElo "2524"]

1.e4 d6 2.d4 Nf6 3.Nc3 e5 4.Nf3 Nbd7 5.Bc4 Be7 6.O-O O-O 7.a4 c6 8.Re1 b6
9.h3 a6 10.Ba2 Rb8 11.Qd3 b5 12.axb5 axb5 13.b4 Qc7 14.Bg5 Nb6 15.Bxf6 Bxf6
16.d5 cxd5 17.Nxd5 Nxd5 18.Bxd5 Be6 19.Ra5 Bxd5 20.Qxd5 Qxc2 21.Rxb5 Rxb5
22.Qxb5 Bd8 23.Qb7 h6 24.Ra1 Qb2 25.Ra8 Qc1+ 26.Kh2 Qf4+ 27.Kh1 Qc1+ 28.Ng1 Qd2
29.Qd7 Bg5 30.Rxf8+ Kxf8 31.b5 Qxf2 32.Qxd6+ Kg8 33.Qb8+ Kh7 34.Qxe5 Qe1
35.Kh2 Qe3 36.Qf5+ Kg8 37.Qc8+ Kh7 38.Qf5+ Kg8 39.Qf3 Qc5 40.Qe2 Bf4+ 41.g3 Bxg3+
42.Kxg3 Qxg1+ 43.Kf3 Qh1+ 44.Kf2 Qh2+ 45.Ke1 Qxh3 46.Kd2 Qb3 47.Qd3 Qb2+
48.Ke3 g5 49.Qd8+ Kh7 50.Qd5 Qc3+ 51.Ke2 Kg7 52.Qc6 Qb2+ 53.Kf3 Qb3+ 54.Kf2 Qb2+
55.Kf3 h5 56.b6 g4+ 57.Kf4 f6 58.Qc7+ Kg6 59.Ke3 Qb3+ 60.Kd2 Qb2+ 61.Kd3 Qb3+
62.Ke2 Qb2+ 63.Ke3 Qb3+  1/2-1/2

[Event "12th ch-EUR"]
[Site "Aix-les-Bains FRA"]
[Date "2011.03.28"]
[Round "7.70"]
[White "Erdogdu,M"]
[Black "Kotronias,V"]
[Result "1/2-1/2"]
[WhiteElo "2423"]
[BlackElo "2583"]

1.e4 d6 2.d4 Nf6 3.Nc3 e5 4.Nf3 Nbd7 5.Bc4 Be7 6.O-O O-O 7.Re1 c6 8.a4 b6
9.Ba2 Qc7 10.Nh4 Re8 11.Nf5 Bf8 12.Bg5 h6 13.Be3 exd4 14.Qxd4 Ne5 15.Ng3 Be6
16.h3 Bxa2 17.Rxa2 d5 18.exd5 Nxd5 19.Nxd5 cxd5 20.Qd1 Re6 21.Ne2 Nc4 22.Nf4 Re5
23.b3 Nxe3 24.Rxe3 Bc5 25.Rxe5 Qxe5 26.Nxd5 Re8 27.c3 Qe1+ 28.Qxe1 Rxe1+
29.Kh2 Rd1 30.Nf4 g5 31.Ne2 Bxf2 32.g4 f5 33.gxf5 Kf7 34.Kg2 Be1 35.a5 b5
36.a6 Rd5 37.c4 bxc4 38.bxc4 Rxf5 39.Nd4 Ra5 40.Rxa5 Bxa5 41.c5 Bb4 42.c6 Ke7
43.Nb5 Bc5 44.Kf3 h5 45.Ke4 Ke6 46.c7 Kd7 47.Kf5 g4 48.hxg4 hxg4 49.Kxg4 Bb6
50.Kf5 Bxc7 51.Nxa7 Bb8 52.Nb5 Kc6 53.a7 Bxa7  1/2-1/2

[Event "12th ch-EUR"]
[Site "Aix-les-Bains FRA"]
[Date "2011.03.30"]
[Round "8.88"]
[White "Kabanov,N"]
[Black "Stanciu,Al"]
[Result "1-0"]
[WhiteElo "2524"]
[BlackElo "2308"]

1.e4 d6 2.d4 Nf6 3.Nc3 e5 4.Nf3 Nbd7 5.Bc4 Be7 6.O-O O-O 7.a4 c6 8.Re1 a5
9.Ba2 Qb6 10.h3 exd4 11.Nxd4 Nc5 12.Qf3 Qb4 13.Nb3 Nfd7 14.Bd2 Nxb3 15.Bxb3 Nc5
16.Nd5 Qxd2 17.Nxe7+ Kh8 18.Rad1 Qb4 19.Re3 Be6 20.Nf5 Bxf5 21.Qxf5 Rae8
22.Rxd6 Nxb3 23.Rh6 g6 24.Qf6+ Kg8 25.Rxb3 Qxe4 26.Rxb7 Qe2 27.Rh4 Re6 28.Qf4 Qd1+
29.Kh2 Qd5 30.Qh6 Qe5+ 31.g3 Qg7 32.Qxg7+ Kxg7 33.Rc4 Rf6 34.Kg2 Rd8 35.Rc3 Rd4
36.b3 h5 37.Rb6  1-0

[Event "1st Armen Norouz Cup"]
[Site "Esfahan IRI"]
[Date "2011.03.30"]
[Round "8"]
[White "Karimi,Amir Hossein"]
[Black "Arvan,Amirhosein"]
[Result "0-1"]
[WhiteElo "1814"]
[BlackElo "1799"]

1.e4 d6 2.d4 Nf6 3.Nc3 Nbd7 4.Nf3 e5 5.dxe5 dxe5 6.Bc4 Be7 7.h3 O-O 8.Be3 c6
9.Qe2 b5 10.Bd3 Qc7 11.g4 Nc5 12.g5 Nfd7 13.h4 b4 14.Nb1 Nxd3+ 15.cxd3 Nc5
16.Bxc5 Bxc5 17.h5 f6 18.gxf6 Rxf6 19.Rg1 Be6 20.Nbd2 b3 21.a4 Qa5 22.Rg2 Raf8
23.O-O-O Qxa4 24.Rdg1 Qa1+ 25.Nb1 Rxf3 26.Rxg7+ Kh8 27.Rb7 Rxf2 28.Rgg7 Rf1+
29.Qd1 Qxb1+  0-1

[Event "12th ch-EUR"]
[Site "Aix-les-Bains FRA"]
[Date "2011.03.31"]
[Round "9"]
[White "Bartel,Mat"]
[Black "Pridorozhni,A"]
[Result "1/2-1/2"]
[WhiteElo "2638"]
[BlackElo "2542"]

1.d4 d6 2.e4 Nf6 3.Nc3 e5 4.Nf3 Nbd7 5.Bc4 Be7 6.O-O O-O 7.a4 c6 8.a5 Rb8
9.Qe2 b5 10.axb6 axb6 11.d5 b5 12.dxc6 bxc4 13.cxd7 Bxd7 14.Qxc4 Qb6 15.Re1 Rfc8
16.Qd3 Qc7 17.Nd2 Rb4 18.Nf1 Bc6 19.Ng3 g6 20.b3 h5 21.Bb2 h4 22.Nf1 h3 23.Qxh3 Nxe4
24.Nxe4 Rxe4 25.Rxe4 Bxe4 26.Ne3 Bg5 27.Nc4 Bf5 28.Qc3 Be6 29.Qd3 Bxc4 30.bxc4 Be7
31.h3 Qxc4 32.Ra8 Qc6 33.Rxc8+ Qxc8 34.c4 Qb7 35.Bc1 Qc6 36.Be3 Kg7 37.f3 Qc8
38.g4 Qa8 39.Kg2 Qa2+ 40.Kg3 Qa1 41.Kg2 Qa2+ 42.Kg3  1/2-1/2

[Event "1st Evgen Zaveriukha Mem"]
[Site "Lviv UKR"]
[Date "2011.04.01"]
[Round "3.1"]
[White "Kotovskyy,D"]
[Black "Buturin,V"]
[Result "1-0"]
[WhiteElo "2022"]
[BlackElo "2311"]

1.e4 d6 2.d4 Nf6 3.Nc3 Nbd7 4.Be3 e5 5.Qd2 Be7 6.O-O-O Ng4 7.g3 c6 8.h4 Nxe3
9.Qxe3 O-O 10.f4 b5 11.dxe5 dxe5 12.Nf3 Bc5 13.Qd2 Qe7 14.Bh3 exf4 15.gxf4 Nb6
16.Ne5 Bxh3 17.Rxh3 Qe6 18.Rg3 b4 19.Nb1 f6 20.Nd3 Be7 21.f5 Qxa2 22.Nxb4 Qc4
23.Nd3 Rad8 24.h5 Rf7 25.h6 Qxe4 26.Rdg1 Bf8 27.hxg7 Bxg7 28.Qh6 Rdd7 29.Nc5 Kh8
30.Nd2 Rxd2 31.Nxe4 Rdd7 32.Qf4 h5 33.Rxg7 Rxg7 34.Qh6+  1-0

[Event "TCh-NOR Attack-serien 2010-11"]
[Site "Oslo NOR"]
[Date "2011.04.01"]
[Round "7"]
[White "Stubberud,O"]
[Black "Astrup,K"]
[Result "1-0"]
[WhiteElo "2299"]
[BlackElo "2274"]

1.e4 d6 2.d4 Nf6 3.Nc3 e5 4.Nf3 Nbd7 5.Bc4 Be7 6.O-O O-O 7.Re1 c6 8.a4 a5
9.b3 Nb6 10.Be2 Nfd7 11.Bb2 exd4 12.Qxd4 Re8 13.Rad1 Nc5 14.Qe3 Bf8 15.Qf4 Qc7
16.Ba3 Nbd7 17.Bf1 b6 18.Nd4 Ne5 19.Qg3 Bd7 20.Bb2 Rad8 21.f3 Bc8 22.Nce2 g6
23.Bc1 Bg7 24.Bg5 f6 25.Bc1 Kh8 26.Nf4 Qf7 27.Be3 f5 28.exf5 Bxf5 29.Kh1 Bd7
30.Qf2 g5 31.Nd3 Nexd3 32.Bxd3 Nxd3 33.Rxd3 Qg6 34.Red1 d5 35.Ne2 Bf5 36.Bxb6 Bxd3
37.Rxd3 Ra8 38.h3 Be5 39.Qe1 Bg7 40.Qd2 h6 41.Ng1 Qf5 42.Bxa5 d4 43.Bc7 Re7
44.Bg3 c5 45.Bf2 Qe5 46.Qd1 Rb8 47.Rd2 Qc7 48.Ne2 Be5 49.g4 Qc6 50.Kg2 Rf8
51.Rd3 Bb8 52.Ng3 Bxg3 53.Kxg3 h5 54.gxh5 Qh6 55.b4 Qxh5 56.bxc5 Rh7 57.Qf1 g4
58.fxg4 Qe5+ 59.Kg2 Qe4+ 60.Kg1 Rhf7 61.Rd2 Qe3 62.Re2 Kg8 63.c6 Qc3 64.Qg2 Kh7  1-0

[Event "FSIM April"]
[Site "Budapest HUN"]
[Date "2011.04.02"]
[Round "1"]
[White "Oparin,G"]
[Black "To,N"]
[Result "1-0"]
[WhiteElo "2345"]
[BlackElo "2345"]

1.e4 d6 2.d4 Nf6 3.Nc3 e5 4.Nf3 Nbd7 5.Bc4 Be7 6.O-O O-O 7.a4 c6 8.a5 Rb8
9.Ba2 b5 10.axb6 axb6 11.d5 cxd5 12.Bxd5 b5 13.Bc6 Bb7 14.Bxb7 Rxb7 15.Bg5 h6
16.Bxf6 Nxf6 17.Re1 Qc7 18.Nd5 Nxd5 19.Qxd5 Rb6 20.c3 g6 21.Ra5 b4 22.c4 b3
23.Rc1 Rc8 24.g3 Rc6 25.Ra4 Rc5 26.Qd3 Qc6 27.Ra7 Bd8 28.h4 Bb6 29.Ra6 Qb7
30.Raa1 Ra5 31.Rxa5 Bxa5 32.h5 g5 33.Nh2 Kh7 34.Ng4 Qc6 35.Qf3  1-0

[Event "Telin International Open"]
[Site "Jakarta INA"]
[Date "2011.04.02"]
[Round "2.15"]
[White "Hamdani,R"]
[Black "Hidayat,A"]
[Result "1-0"]
[WhiteElo "2368"]
[BlackElo "2175"]

1.e4 d6 2.d4 Nf6 3.Nc3 e5 4.dxe5 dxe5 5.Qxd8+ Kxd8 6.Bg5 Be6 7.O-O-O+ Nd7
8.f3 Be7 9.Be3 c6 10.Nge2 Kc7 11.g4 h5 12.g5 Ne8 13.h4 b5 14.Ng3 g6 15.Bh3 Bxh3
16.Rxh3 Bd6 17.Rh2 Rf8 18.Rhd2 f6 19.Nce2 fxg5 20.Bxg5 Rf7 21.Rf1 Ng7 22.f4 Ne6
23.f5 Nxg5 24.hxg5 h4 25.Rfd1 hxg3 26.Rxd6 g2 27.Rxg6 Rh8 28.Rg1 Nc5 29.Rxg2 Nxe4
30.f6 Rd7 31.c3 Kb6 32.Rg1 Rd3 33.f7 Rf8 34.Rf1 Re3 35.Rg8 Rxf7 36.Rxf7 Rxe2
37.g6 Kc5 38.Rd8 Nd6 39.b4+ Kc4 40.Rxd6 Kxc3 41.Rf3+ Kxb4 42.Rg3  1-0

[Event "TCh-NOR Attack-serien 2010-11"]
[Site "Oslo NOR"]
[Date "2011.04.03"]
[Round "9"]
[White "Bjerke,S"]
[Black "Solberg,J"]
[Result "1/2-1/2"]
[WhiteElo "2186"]
[BlackElo "2223"]

1.e4 d6 2.d4 Nf6 3.Nc3 e5 4.dxe5 dxe5 5.Qxd8+ Kxd8 6.Bc4 Ke8 7.f3 a6 8.Be3 Bd6
9.O-O-O Nbd7 10.Nge2 b5 11.Bb3 Nc5 12.Bxc5 Bxc5 13.Nd5 Nxd5 14.Bxd5 Rb8 15.Bc6+ Ke7
16.Nc3 Be6 17.Nd5+ Bxd5 18.Bxd5 Rhd8  1/2-1/2

[Event "Karposh Open"]
[Site "Skopje MKD"]
[Date "2011.04.04"]
[Round "4"]
[White "Harokopakis,G"]
[Black "Djukic,Sa"]
[Result "0-1"]
[WhiteElo "1990"]
[BlackElo "2177"]

1.e4 d6 2.d4 Nf6 3.Nc3 e5 4.Nf3 Nbd7 5.Bc4 h6 6.Be3 Be7 7.Qd2 c6 8.a4 Ng4
9.Ne2 exd4 10.Bxd4 Nge5 11.Nxe5 dxe5 12.Be3 Nf6 13.Qxd8+ Bxd8 14.f3 a5 15.Nc1 Bc7
16.Bc5 b6 17.Ba3 Rb8 18.b4 axb4 19.Bxb4 Ra8 20.Nb3 c5 21.Bb5+ Bd7 22.Bc3 Ke7
23.O-O-O g5 24.Kb2 Rhg8 25.Nd2 Be6 26.Nf1 Rgd8 27.Ne3 Rd4 28.Rde1 Kf8 29.Bc6 Rc8
30.Nf5 Bxf5 31.exf5 Rf4 32.Be4 Nxe4 33.fxe4 Rf2 34.g4 Ra8 35.Rd1 Ke7 36.Kb3 c4+
37.Kxc4 Rxa4+ 38.Bb4+ Bd6 39.c3 Bxb4 40.cxb4 Rb2 41.Rd5 Rbxb4+ 42.Kc3 Rxe4
43.Rhd1 Rxg4 44.Rxe5+ Kf6 45.Rb5 Rac4+ 46.Kb3 Rc6 47.Rd3 Rh4 48.Rd2 Rf4 49.Rd7 Rxf5
50.Rxf7+ Kxf7 51.Rxf5+ Kg6 52.Rf3 g4 53.Rg3 Kg5 54.h3 h5 55.Rd3 Kh4 56.hxg4 hxg4
57.Kb4 g3 58.Rd8 Rg6  0-1

[Event "Karposh Open"]
[Site "Skopje MKD"]
[Date "2011.04.04"]
[Round "4"]
[White "Milanovic,Ma"]
[Black "Jovancev,Orce"]
[Result "1-0"]
[WhiteElo "1868"]
[BlackElo "1746"]

1.e4 d6 2.d4 Nf6 3.Nc3 e5 4.dxe5 dxe5 5.Qxd8+ Kxd8 6.Bc4 Be6 7.Bxe6 fxe6
8.Bg5 Nd7 9.O-O-O Bd6 10.Nh3 h6 11.Bd2 g5 12.f3 a6 13.Nf2 Ke7 14.Nd3 b5 15.a3 c5
16.Be3 Rab8 17.Rd2 Rbc8 18.Rhd1 Rc6 19.g3 Rd8 20.f4 Ng4 21.Bg1 exf4 22.gxf4 gxf4
23.h3 Nge5 24.Nxf4 b4 25.axb4 cxb4 26.Nce2 Nc4 27.Nd4 Bxf4 28.Nxc6+ Ke8 29.Nxd8 Kxd8
30.b3 Nxd2 31.Rxd2 Kc7 32.Bh2  1-0

[Event "FSIM April"]
[Site "Budapest HUN"]
[Date "2011.04.07"]
[Round "6"]
[White "Lamorelle,J"]
[Black "Hirneise,T"]
[Result "0-1"]
[WhiteElo "2342"]
[BlackElo "2431"]

1.e4 d6 2.d4 Nf6 3.Nc3 e5 4.dxe5 dxe5 5.Qxd8+ Kxd8 6.Bg5 Nd7 7.O-O-O a6 8.f4 h6
9.Bh4 exf4 10.e5 g5 11.exf6 gxh4 12.Nf3 c6 13.Ne4 Kc7 14.Bc4 Nc5 15.Rhe1 Bg4
16.Bxf7 Nxe4 17.Rxe4 Bc5 18.Kb1 Rhf8 19.b4 Bd6 20.Be6 Rae8 21.Rde1 Bxf3 22.gxf3 Rxf6
23.a3 Rg6 24.Bg4 Rxe4 25.Rxe4 Rg5 26.Re8 h5 27.Bh3 a5 28.c3 axb4 29.axb4 c5
30.Re4 Rg1+ 31.Kc2 Rh1 32.Re2 cxb4 33.cxb4 Bxb4 34.Kd3 Bc5 35.Be6 Kd6 36.h3 Rf1
37.Bc8 Kc7 38.Bf5 Rxf3+ 39.Ke4 Rf1 40.Rc2 b6 41.Rc3 Kd6 42.Rd3+ Kc6 43.Rf3 Rxf3
44.Kxf3 Be3 45.Bg6 Kd5 46.Bxh5 b5 47.Kg4 b4 48.Kxh4 Bf2+ 49.Kg4 Ke4 50.h4 f3
51.Be8 b3 52.h5 Bd4 53.Kg3 Ke3 54.h6 b2 55.Bg6 f2  0-1

[Event "Karposh Open"]
[Site "Skopje MKD"]
[Date "2011.04.08"]
[Round "8"]
[White "Nestorovic,L"]
[Black "Djukic,Sa"]
[Result "1-0"]
[WhiteElo "2357"]
[BlackElo "2177"]

1.e4 d6 2.d4 Nf6 3.Nc3 e5 4.Nge2 Be7 5.f3 O-O 6.Be3 c6 7.Qd2 b5 8.a3 Nbd7
9.g4 Nb6 10.Ng3 Bxg4 11.fxg4 Nxg4 12.Bg1 exd4 13.Bxd4 c5 14.Bg1 Ne5 15.Qg2 b4
16.axb4 cxb4 17.Nf5 Bf6 18.Bxb6 axb6 19.Rxa8 Qxa8 20.Nd5 Qa1+ 21.Ke2 Ng6
22.Nxf6+ gxf6 23.Qg3 Qxb2 24.Kd2 Kh8 25.Bc4 Rc8 26.Bb3 d5 27.exd5 Rg8 28.d6 Ne5
29.Qh3 b5 30.Re1 Nc4+ 31.Bxc4 bxc4 32.d7 c3+ 33.Kd3 b3 34.Re8 Qxc2+ 35.Kc4  1-0

[Event "TCh-CAT Div Hon"]
[Site "Barcelona ESP"]
[Date "2011.04.09"]
[Round "11"]
[White "Colon Garcia,E"]
[Black "Ayza Leon,D"]
[Result "0-1"]
[WhiteElo "2259"]
[BlackElo "2189"]

1.e4 d6 2.d4 Nf6 3.Nc3 c6 4.g3 Qa5 5.Bg2 e5 6.Ne2 Be7 7.O-O O-O 8.h3 b5 9.Be3 Nbd7
10.g4 b4 11.Nb1 Ba6 12.Nd2 Rfd8 13.a3 Bxe2 14.Qxe2 bxa3 15.Rxa3 Qc7 16.Ra6 c5
17.d5 Rdb8 18.b3 Rb6 19.Ra2 Nf8 20.Nc4 Rbb8 21.f4 N8d7 22.Ra6 Nb6 23.fxe5 dxe5
24.Na5 Bd6 25.Nc6 Rb7 26.Qf2 c4 27.Nxa7 Rbxa7 28.Rxa7 Qxa7 29.Bxb6 Qe7 30.bxc4 Rc8
31.Ra1 Rxc4 32.Ra7 Qe8 33.Bf1 Rb4 34.c3 Rb1 35.c4 Nd7 36.Be3 Nf6 37.Qc2 Qb8
38.Ra6 Bf8 39.c5 Qb5 40.Qxb1 Qxb1 41.c6 Ne8 42.Ra8 Qxe4 43.Bf2 Nd6 44.c7 Qxd5
45.c8=Q Nxc8 46.Rxc8 g6 47.Bc5 Qxc5+ 48.Rxc5 Bxc5+ 49.Kg2 Kg7 50.Bd3 Be7
51.Kg3 Bb4 52.g5 Be1+ 53.Kf3 h6 54.Ke4 Bg3 55.Kf3 Bf4 56.gxh6+ Kxh6 57.Bc4 f5
58.Bb5 Bg5 59.Kg3 Bd8 60.Be2 g5 61.Bc4 e4 62.Bd5 Kg6 63.Bc4 Kf6 64.Bg8 Bc7+
65.Kf2 Ke5 66.Bf7 f4 67.Kf1 f3 68.Be8 Kf4 69.Bc6 e3  0-1

[Event "Schachbundesliga 2010-11"]
[Site "Essen GER"]
[Date "2011.04.09"]
[Round "14"]
[White "Fiebig,T"]
[Black "Glek,I"]
[Result "1/2-1/2"]
[WhiteElo "2453"]
[BlackElo "2467"]

1.e4 d6 2.d4 Nf6 3.Nc3 e5 4.dxe5 dxe5 5.Qxd8+ Kxd8 6.Bc4 Ke8 7.Nf3 Bd6 8.h3 a6
9.a4 Nc6 10.Bg5 Be6 11.Bxe6 fxe6 12.Be3 Rf8 13.Nd2 Nd4 14.Rc1 Bb4 15.f3 Nd7
16.Ne2 Nc6 17.O-O Bc5 18.Bxc5 Nxc5 19.Nc3 Rd8 20.Rfd1 Nd4 21.Kf2 b5 22.axb5 axb5
23.b4 Nb7 24.Ne2 c5 25.Nxd4 cxd4 26.Ra1 Rf7 27.Ra6 Rd6 28.Rda1 Rc7 29.Rxd6 Nxd6
30.Ra2 Rc3 31.Nb3 d3 32.Ke1 dxc2 33.Nc1 Nc4 34.Ra7 Kf8 35.Ke2 h5 36.h4 Kg8
37.Rb7 Na3 38.Ra7 Nc4 39.Rb7 Na3 40.Ra7  1/2-1/2

[Event "Vorobets Memorial"]
[Site "Lviv UKR"]
[Date "2011.04.09"]
[Round "3"]
[White "Sop,S"]
[Black "Soloviova,L"]
[Result "0-1"]
[WhiteElo "1995"]
[BlackElo "2318"]

1.e4 d6 2.d4 Nf6 3.Nc3 c6 4.g3 Nbd7 5.a4 g6 6.Bg2 Bg7 7.Nge2 e5 8.O-O O-O
9.h3 a5 10.Be3 Qc7 11.Qd2 Nb6 12.b3 d5 13.exd5 Nfxd5 14.Nxd5 Nxd5 15.Bh6 e4
16.Bxg7 Kxg7 17.h4 Bf5 18.c4 Nf6 19.Nf4 Rad8 20.Qc3 h6 21.Rad1 g5 22.hxg5 hxg5
23.Nh3 Bxh3 24.Bxh3 Rh8 25.Bf5 Rh5 26.Qc2 Rdh8 27.Bxe4 Qd7 28.Kg2 Qg4 29.Rfe1 Rh2+
30.Kf1 Nxe4 31.Qxe4 Rh1+  0-1

[Event "Vorobets Memorial"]
[Site "Lviv UKR"]
[Date "2011.04.10"]
[Round "5"]
[White "Kaya,E"]
[Black "Soloviova,L"]
[Result "0-1"]
[WhiteElo "2046"]
[BlackElo "2318"]

1.e4 d6 2.d4 Nf6 3.Nc3 c6 4.f4 g6 5.e5 Nd5 6.Nxd5 cxd5 7.Nf3 Bg7 8.Bd3 Nc6
9.O-O O-O 10.c3 dxe5 11.fxe5 f6 12.exf6 exf6 13.Be3 Bg4 14.Qd2 Qd7 15.Bh6 Rae8
16.h3 Bxf3 17.Rxf3 Nd8 18.Bxg7 Kxg7 19.Re1 Nf7 20.Rxe8 Rxe8 21.Qf4 Qe6 22.Bb5 Re7
23.c4 Ng5 24.Rf1 Ne4 25.c5 f5 26.Qh4 g5 27.Qe1 Qf6 28.Qb4 Ng3 29.Rf3 f4 30.Bd3 h5
31.Rf2 Qe6 32.a3 Qe3 33.c6 bxc6 34.Qd6 Qe6 35.Qd8 Qe1+ 36.Bf1 Qe3 37.Bd3 Kf7  0-1

[Event "11th European Senior"]
[Site "Courmayeur ITA"]
[Date "2011.04.11"]
[Round "6.11"]
[White "Gruzmann,B"]
[Black "Valenti,G"]
[Result "1/2-1/2"]
[WhiteElo "2281"]
[BlackElo "2143"]

1.e4 d6 2.d4 Nf6 3.Nc3 e5 4.Nge2 Nbd7 5.f3 c6 6.Be3 Qa5 7.Nc1 Be7 8.Nb3 Qc7
9.Qd2 b5 10.a3 a6 11.Be2 Bb7 12.O-O O-O 13.f4 c5 14.dxe5 dxe5 15.Nd5 Bxd5
16.exd5 Nb6 17.fxe5 Nfxd5 18.Bf2 c4 19.Nd4 Qxe5 20.Nc6 Qd6 21.Nxe7+ Qxe7
22.Rae1 Qc7 23.Bg3 Qc5+ 24.Bf2 Qc7 25.Bg3  1/2-1/2

[Event "13th Dubai Open"]
[Site "Dubai UAE"]
[Date "2011.04.11"]
[Round "2"]
[White "Shiven,K"]
[Black "Gagunashvili,M"]
[Result "0-1"]
[WhiteElo "2391"]
[BlackElo "2599"]

1.e4 d6 2.d4 Nf6 3.Nc3 e5 4.Nf3 Nbd7 5.Bc4 Be7 6.O-O O-O 7.Re1 a6 8.a4 b6
9.b3 c6 10.Bb2 Bb7 11.d5 Nc5 12.b4 cxd5 13.Bxd5 Bxd5 14.bxc5 Bc6 15.cxd6 Qxd6
16.Qe2 Qe6 17.Ba3 Rfc8 18.Red1 Bxa3 19.Rxa3 Bb7 20.Rb3 Rc5 21.Qd3 Rac8 22.Ng5 Qe7
23.Qe3 Ng4 24.Qd2 h6 25.Nf3 Qc7 26.Qd7 Rxc3 27.Rxc3 Qxd7 28.Rxd7 Rxc3 29.Rxb7 Rxc2
30.g3 Rb2 31.a5 b5 32.Rd7 f6 33.Rd6 Nxf2 34.Nd2 Nd1 35.Kf1 Ne3+ 36.Ke1 Nc4
37.Nxc4 bxc4 38.Rxa6 Rxh2 39.Kd1 Ra2 40.Kc1 c3 41.Ra7 Kh7 42.a6 h5 43.Kb1 c2+
44.Kc1 Kh6 45.Kd2 g6 46.Ra8 g5 47.Kc1 Kg6 48.Kd2 h4 49.gxh4 gxh4 50.Rg8+ Kh5  0-1